Trouvez le film grâce aux répliques #2 - Statistiques

Statistiques générales
  • Ce quiz a été pris 817 fois
  • Le résultat moyen est 12 sur 30
Statistiques - réponses
Réplique Film Réalisateur % Correct
Vers l'infini et au-delà ! Toy Story John Lasseter
90%
Nom de Zeus ! Retour vers le futur Robert Zemeckis
71%
Splendide ! The Mask Chuck Russell
65%
Est-ce que tu veux un ballon ? Ça : il est revenu ! Tommy Lee Wallace
62%
Comment ? Salomon, vous êtes juif ? Les aventures de Rabbi Jacob Gérard Oury
61%
L'important c'est pas la chute. C'est l'atterrissage. La Haine Mathieu Kassovitz
57%
Tout se mange dans cette pièce, même moi, mais ça ce serait du cannibalisme et c'est très mal vu par la société. Charlie et la chocolaterie Tim Burton
56%
Tu sais pas jouer, Jack. T'es mauvais ! OSS 117 : Le Caire, nid d'espions Michel Hazanavicius
56%
Viens jouer avec nous, Dany. The Shining Stanley Kubrick
56%
Je suis fatigué, patron. Fatigué de devoir courir et d'être seul comme un moineau sous la pluie. La ligne verte Frank Darabont
48%
Moultipass. Le cinquième élément Luc Besson
47%
J'adore l'odeur du napalm au petit matin. Apocalypse Now Francis Ford Coppola
44%
Ils peuvent nous ôter la vie, mais ils ne nous ôterons jamais notre liberté ! Braveheart Mel Gibson
40%
Il y a un adage qui dit qu'on fait toujours du mal à ceux qu'on aime mais il oublie de dire qu'on aime ceux qui nous font du mal. Fight Club David Fincher
40%
La cuillère n'existe pas. The Matrix Sœurs Wachowski
40%
Capitaine ! Oh Capitaine ! Le cercle des poètes disparus Peter Weir
36%
Au Korova on sert du Lait plus, lait plus velocet ou Synthemesc ou Drinkrom. Nous, on en était au Drinkrom, ça vous affute l'esprit et sa vous met en train pour une bonne petite fête d'ultra violence. Orange mécanique Stanley Kubrick
35%
Si demain soir je dis à la presse que, un brigand va se faire descendre ou qu’un fourgon chargé de soldat va exploser… personne ne panique. Parce que tout ça, ça fait parti du plan. The Dark knight Christopher Nolan
34%
Il va nous falloir un plus gros bateau. Les dents de la mer Steven Spielberg
32%
Au revoir, Shoshanna ! Inglourious Basterds Quentin Tarantino
29%
La chose qui hante le plus un homme, c'est ce qu'on l'a pas forcé à faire Gran Torino Clint Eastwood
26%
Personne ne veut aller dans un club qui s'appelle "Chicken on a Stick". La La Land Damien Chazelle
22%
Moi j'suis le Duc, c'est comme ça qu'il faut m'appeler. The Big Lebowski Frères Coen
20%
Les temps sont durs pour les rêveurs... Le fabuleux destin d'Amélie Poulain Jean-Pierre Jeunet
18%
Il persiste de faibles lueurs de civilisation dans cet abattoir barbare autrefois appelé l'humanité. The Grand Budapest Hotel Wes Anderson
15%
Qui? "Qui" n'est autre que le forme qui résulte de la fonction de "Qu'est-ce que", et ce que je suis est un homme sous un masque. V pour Vendetta James McTeigue
15%
Allez les roses, à la chasse aux mecs ! Grease Randal Kleiser
11%
Dépêche-toi de vivre, ou dépêche-toi de mourir. Les évadés Frank Darabont
10%
Tout le monde ne peut pas devenir un grand artiste; mais un grand artiste peut surgir n'importe où. Ratatouille Brad Bird
8%
On buvra des margaritas au bord de la mer, ma macita. Thelma et Louise Ridley Scott
5%
Aucun quiz correspondant
Distribution des résultats
% des personnes avec chaque résultat
Percentile par nombre de réponses
Votre historique - résultats
Vous n’avez pas pris ce quiz